[Event "Czechia KP-chTA 0607"]
[Site "Czech Republic"]
[Date "2007.03.04"]
[Round "9.8"]
[White "Vlcek, Marek"]
[Black "Urban, Lubos"]
[Result "1-0"]
[WhiteElo "1884"]
[BlackElo "1786"]
[PlyCount "85"]
[EventDate "2006.10.29"]
[EventType "team"]
[EventRounds "11"]
[EventCountry "CZE"]
[SourceTitle "EXT 2008"]
[Source "ChessBase"]
[SourceDate "2007.11.25"]
[SourceVersion "1"]
[SourceVersionDate "2007.11.25"]
[SourceQuality "1"]
[WhiteTeam "Uholicky"]
[BlackTeam "Bakov nad Jizerou"]
[WhiteTeamCountry "CZE"]
[BlackTeamCountry "CZE"]

1. d4 d5 2. c4 Nf6 3. Nc3 c6 4. Bg5 e6 5. Nf3 Be7 6. e3 h6 7. Bf4 Bd6 8. Ne5 0-0 9. Bd3 dxc4 10. Bxc4 Qc7 11. 0-0 Nbd7 12. Nd3 Bxf4 13. Nxf4 Nd5 14. Ncxd5 exd5 15. Bb3 Qd6 16. Bc2 f5 17. Qh5 Nf6 18. Qg6 Ne8 19. Qg3 Rf6 20. h4 Bd7 21. h5 Nc7 22. Qh4 Re8 23. Ng6 Na8 24. Ne5 Bc8 25. f4 Nb6 26. b3 c5 27. Rac1 cxd4 28. exd4 Qa3 29. Bb1 Qb2 30. Qf2 Qa3 31. Rc7 Re7 32. Rfc1 Rxc7 33. Rxc7 Qd6 34. Qc2 Rf8 35. Ng6 Re8 36. Ne5 Rf8 37. Ng6 Re8 38. Ne7+ Rxe7 39. Rxc8+ Nxc8 40. Qxc8+ Kf7 41. Qxf5+ Ke8 42. Qc8+ Qd8 43. Bg6+ 1-0